Last Monarchs of Europe - Statistics

General Stats
  • This quiz has been taken 164 times
  • The average score is 9 of 13
Answer Stats
Country Answer % Correct
Russia Nicholas II
93%
Germany Wilhelm II
88%
France Napoleon III
83%
Montenegro Nicholas
78%
Austria-Hungary Charles
73%
Greece Constantine II
66%
Albania Zog
66%
Italy Umberto II
64%
Yugoslavia/Serbia Peter II
57%
Portugal Manuel II
55%
Romania Michael
55%
Bulgaria Simeon II
55%
Croatia Tomislav II
19%
No matching quizzes found
Score Distribution
Percent of People with Each Score
Percentile by Number Answered
Your Score History
You have not taken this quiz